Marins célèbres d'hier et d'aujourd'hui - Statistiques

Statistiques générales
  • Ce quiz a été pris 55 fois
  • Le résultat moyen est 14 sur 26
Statistiques - réponses
Indice 1 Indice 2 : Prénom Nom % Correct
explorateur océanographique (1910-1997)célèbre pour son bonnet rouge et son navire expérimental "La Calypso" Jacques Yves Cousteau
96%
explorateur portugais (1460-1524) qui découvrit la route des Indes Vasco de ... Gama
96%
marin né à Gênes qui découvrit l'Amérique sous pavillon espagnol en 1492 Christophe Colomb
93%
Explorateur malouin (1491-1557) qui découvrit le Canada Jacques Cartier
80%
marin breton (1944) surnommé l'amiral par Philippe Bouvard Olivier de ... Kersauson
78%
Navigateur français (1931-1988) dont le voilier était Pen Duick Eric Tabarly
78%
Navigateur et explorateur britannique (1728-1779) qui a découvert Hawaï James Cook
74%
navigateur portugais (1480-1521) dont un détroit porte le nom Fernand de ... Magellan
72%
explorateur polaire, scientifique, ethnologue, écrivain (1907-1995) Paul Emile Victor
70%
Corsaire anglais (1540-1596) surnommé "el draque" Francis Drake
67%
amiral de la flotte anglaise (1758-1805) qui gagna la bataille de Trafalgar contre Napoléon Bonaparte Horace Nelson
65%
corsaire né à Saint-Malo (1773-1827) Robert Surcouf
59%
Pirate anglais (1680-1718) nommé Edward Teach plus connu sous Barbe noire
54%
(1943-1978) participe à la première Route du Rhum et disparait au large des Açores au Portugal avec son bateau "Manureva" Alain Colas
52%
corsaire né à Dunkerque (1650-1702) Jean Bart
50%
Explorateur norvégien (1872-1928) dont l'expédition fut la première à atteindre le pôle sud Roald Amundsen
39%
navigateur et explorateur français (1729-1811), commandant de "La Boudeuse" qui découvrit les îles salomon Louis Antoine de Bougainville
39%
La Boussole et L'Astrolabe, s'échouèrent à Vanikoro ce qui mit un terme à l'expédition en 1788. Jean François de Galaup de ... Lapérouse
37%
né le 1er décembre 1959 à Nantes. Surnommé "le petit lutin" Loïck Peyron
37%
médecin et explorateur polaire (1867-1936) et commandant du "Pourquoi pas" Jean-Baptiste Charcot
33%
Né en 1954 à Quimper. Il a silloné toutes les mers avec sa famille avec le bateau Fleur Australe Philippe Poupon
28%
Né à Quimper le 27 avril 1959, est un navigateur et skipper professionnel français surnommé le "Roi Jean" Jean Le Cam
26%
explorateur français (1790-1842) dont une base scientifique en antarctique porte le nom Jules Dumont d'Urville
20%
navigateur français, né le 16 juillet 1965 à Concarneau, surnommé "le professeur" Michel Desjoyeaux
17%
Corsaire malouin (1673-1736) qui a donné son nom à dix navires de guerre de la Marine nationale française ... René Duguay Trouin
15%
Canadien (1844-1909) ayant réalisé le 1er tour du monde en solitaire sur un voilier Joshua Slocum
4%
Aucun quiz correspondant
Distribution des résultats
% des personnes avec chaque résultat
Percentile par nombre de réponses
Votre historique - résultats
Vous n’avez pas pris ce quiz